| 000 | 00834nam a22002417a 4500 | ||
|---|---|---|---|
| 999 |
_c17557 _d17557 |
||
| 003 | AR-CdUCM | ||
| 008 | 190509b ||||| |||| 00| 0 spa d | ||
| 040 |
_aMUNICIPALIDAD PROVINCIAL DEL CUSCO _cBIBLIOTECA MUNICIPAL DEL CUSCO |
||
| 041 | _heng | ||
| 082 |
_a194.1 / _bB97 |
||
| 100 |
_aBuytendijk, F. J. J. _937639 |
||
| 245 | _aTeoría del dolor / | ||
| 260 |
_aBuenos Aires : _bTroquel, _c1965. |
||
| 300 |
_a214 páginas ; _c21 cm. |
||
| 440 |
_aBiblioteca "El Tema del Hombre". _937640 |
||
| 505 | _aContenido: El dolor y sus problemas -- Fisiología del dolor -- El dolor y la vida animal -- El dolor y la experiencia. | ||
| 650 |
_aDolor _91642 |
||
| 650 |
_aPsicología _91538 |
||
| 650 |
_aEl dolor _937641 |
||
| 700 |
_aGuevara Achaval, Ruth (traducción) _937642 |
||
| 942 |
_2ddc _cLIBROS |
||
| 945 |
_aachl _d2019-05-09 |
||